Statistics for Mahabharata Characters Quiz - Easy

Click here to take the quiz!

General Stats

  • This quiz has been taken 134 times
  • The average score is 11 of 21

Answer Stats

QuestionsAnswer% Correct
Name Pandu's first wifeKunti
86%
Name the son of IndraArjuna
78%
Name Dritarashtra's wifeGandhari
78%
Name the teacher of the KurusDrona
71%
Name Pandu's second wifeMadri
70%
Name the son of the windBheema
69%
Who is Shantanu's second wifeSatyavati
64%
Name the wife of PandavasDraupadi
63%
Name the son of Arjuna who died in the warAbhimanyu
62%
Who was Pandu's motherAmbalika
60%
Who was the first son of Pandu's surviving wife?Karna
59%
Who was Dritharashtra's motherAmbika
58%
Who is Shantanu's SonBheeshma
58%
Name the first son of DritarashtraDuryodhana
58%
Name the sons of Ashwini twinsNakula and Sahadeva
46%
Name the only daughter of DritarashtraDushala
41%
Name the son of the teacherAshwathama
35%
Name Drupada's sonDrishtadyumna
20%
Name the one who killed DevavrataShikhandi
15%
Children of Shantanu and aboveChitrangada and Vichitraveerya
14%
Name the son of DharmaYudhishtra
8%

Score Distribution

Percentile by Number Answered

Percent of People with Each Score

Your Score History

You have not taken this quiz